000 00370nam a2200157Ia 4500
008 230711s9999||||xx |||||||||||||| ||und||
041 _aENG
082 _a620.3
_bRA-M
100 _aRao,Singiresu S
245 0 _aMechanical vibrations
250 _a1st Ed.
260 _c2004
_aNew Delhi
_bPearson
300 _a1108p.
650 _aMechanical Engineering
942 _cBK
999 _c4907
_d4907